| 000 | 00488nam a2200181Ia 4500 | ||
|---|---|---|---|
| 999 |
_c29615 _d29615 |
||
| 003 | OSt | ||
| 005 | 20201228142256.0 | ||
| 008 | 190216s9999||||xx |||||||||||||| ||und|| | ||
| 020 | _a9788126427109 | ||
| 040 | _coclc | ||
| 082 |
_a894.8121 _bKUR/D |
||
| 100 |
_aKurup, O N V _97466 |
||
| 245 | 0 |
_aDinantham / _cO N V Kurup |
|
| 260 |
_bDc Books, _c2010. _aKottayam: |
||
| 300 | _a68p | ||
| 650 | _aKavithkal | ||
| 942 |
_cBK _2ddc _h894.8121 _iKUR/D _k894.8121 _mKUR/D |
||